| 000 | 00371 a2200145 4500 | ||
|---|---|---|---|
| 003 | Nust | ||
| 005 | 20170207165831.0 | ||
| 040 | _cNust | ||
| 082 | _a355.30395 | ||
| 100 | _aGhazi, Tariq Waseem | ||
| 245 |
_aNational Defence College Pakistan Year Book 2003-2004 _cLt Gen Tariq Waseem Ghazi, |
||
| 260 |
_aPakistan _bNDC _c2004 |
||
| 300 | _a240 p | ||
| 651 | _aYear Book 2003-2004 | ||
| 942 | _cMAGS | ||
| 999 |
_c213324 _d213324 |
||